|
|
|
|
| LEADER |
00000nam0a2200000 4500 |
| 001 |
24474 |
| 005 |
20231030200229.0 |
| 010 |
|
|
|a 5892181170
|
| 035 |
|
|
|a (RuTPU)RU\TPU\book\24703
|
| 035 |
|
|
|a BOOK00000011
|
| 090 |
|
|
|a 24474
|
| 100 |
|
|
|a 20011209d2000 m y0rusy50 ca
|
| 101 |
0 |
|
|a rus
|
| 102 |
|
|
|a RU
|
| 105 |
|
|
|a a j 001zy
|
| 200 |
1 |
|
|a Курс теории вероятностей
|e учебник для вузов
|f В. П. Чистяков
|
| 205 |
|
|
|a 5-е изд.
|
| 210 |
|
|
|a Москва
|c Агар
|d 2000
|
| 215 |
|
|
|a 255 с.
|
| 320 |
|
|
|a Библиогр.: с. 252-253
|
| 451 |
|
1 |
|0 (RuTPU)RU\TPU\book\60737
|y 5-9511-0008-9
|t Курс теории вероятностей
|o [учебное пособие]
|f В. П. Чистяков
|e 6-е изд., испр.
|c СПб.
|n Лань
|d 2003
|p 270 с.
|a Чистяков, Владимир Павлович
|
| 451 |
|
1 |
|0 (RuTPU)RU\TPU\book\2582
|y 5892180085
|t Курс теории вероятностей
|o учебник
|f В. П. Чистяков
|e 4-е изд.
|c М.
|n Агар
|d 1996
|p 255 с.
|a Чистяков, Владимир Павлович
|
| 610 |
1 |
|
|a теория вероятностей
|
| 610 |
1 |
|
|a математическая статистика
|
| 610 |
1 |
|
|a предельные теоремы
|
| 610 |
1 |
|
|a цепи Маркова
|
| 610 |
1 |
|
|a математическое ожидание
|
| 610 |
1 |
|
|a случайные процессы
|
| 610 |
1 |
|
|a задачи
|
| 610 |
1 |
|
|a ответы
|
| 610 |
1 |
|
|a таблицы
|
| 610 |
1 |
|
|a учебные пособия
|
| 675 |
|
|
|a 519.2(075.8)
|v 3
|
| 700 |
|
1 |
|a Чистяков
|b В. П.
|g Владимир Павлович
|
| 801 |
|
0 |
|a RU
|b 63413507
|c 20011209
|g PSBO
|
| 801 |
|
2 |
|a RU
|b 63413507
|c 20090522
|g PSBO
|
| 900 |
|
|
|a Теория вероятности и математическая статистика
|
| 942 |
|
|
|c BK
|